[Event "Russian Championship B19 2016"]
[Site "Loo"]
[Date "2016.04.25"]
[Round "6.16"]
[White "Kruzhilin, Aleksey"]
[Black "Bondarenko, Ivan"]
[Result "0-1"]
[WhiteElo "2161"]
[BlackElo "2194"]
[PlyCount "122"]
[EventDate "2016.04.20"]

1. d4 Nf6 2. c4 c5 3. d5 e5 4. g3 d6 5. Bg2 Be7 6. Nc3 O-O 7. e4 Ne8 8. Nge2
Nd7 9. O-O g6 10. Bh6 Ng7 11. f4 exf4 12. gxf4 Bf6 13. Nb5 Qe7 14. e5 dxe5 15.
d6 Qd8 16. Ng3 exf4 17. Ne4 Bxb2 18. Rb1 Be5 19. Qd5 Kh8 20. Nc7 Bd4+ 21. Kh1
Rb8 22. Rxf4 Nb6 23. Rxb6 Be6 24. Nxe6 fxe6 25. Rxf8+ Qxf8 26. Bxg7+ Bxg7 27.
Qxe6 axb6 28. Ng5 Bf6 29. Ne4 Kg7 30. d7 Qe7 31. Qd5 Rd8 32. Bh3 Bd4 33. Qxb7
Qh4 34. Kg2 Kh6 35. Ng3 Rf8 36. Bf5 Qf6 37. Bg4 Rd8 38. Qd5 Qf4 39. Kh3 Kg7 40.
Qe6 Qf6 41. Qe8 Qf8 42. Qe2 Qf7 43. Be6 Qe7 44. Qg4 Kh8 45. Ne4 Bf6 46. Kg2 Rf8
47. Bd5 Kg7 48. a4 h5 49. Qh3 Bd4 50. Be6 Rf4 51. Ng3 Rf2+ 52. Kh1 Rf6 53. Ne2
Be5 54. Bd5 Rd6 55. Be6 Rd1+ 56. Kg2 Qg5+ 57. Kf2 Bd4+ 58. Nxd4 Qg1+ 59. Kf3
Qxd4 60. Ke2 Rd2+ 61. Ke1 Qf2# 0-1

[Event "Russian Championship B19 2016"]
[Site "Loo"]
[Date "2016.04.25"]
[Round "6.17"]
[White "Bychkov, Vladimir"]
[Black "Kontsevik, Georgy"]
[Result "1/2-1/2"]
[WhiteElo "2176"]
[BlackElo "2163"]
[PlyCount "84"]
[EventDate "2016.04.20"]

1. d4 e6 2. c4 f5 3. g3 Nf6 4. Bg2 Be7 5. Nf3 d6 6. O-O O-O 7. Nc3 Qe8 8. b4
Bd8 9. Qb3 Kh8 10. a4 e5 11. a5 e4 12. Ne1 c6 13. f3 exf3 14. exf3 d5 15. c5 a6
16. Nd3 Nbd7 17. Bf4 Qh5 18. Na4 g5 19. Bd6 Rg8 20. Rae1 Qf7 21. Qc2 Ne8 22.
Ne5 Nxe5 23. Bxe5+ Ng7 24. f4 g4 25. Rf2 Be6 26. Nb2 Bf6 27. Nd3 Rge8 28. Rfe2
Kg8 29. Qc3 h5 30. Kf2 h4 31. Bxf6 Qxf6 32. Ne5 h3 33. Bf1 Re7 34. Re3 Kf8 35.
Be2 Qh6 36. Bd1 Nh5 37. Kg1 Rc8 38. Bc2 Ree8 39. Nd3 Kf7 40. Ra1 Nf6 41. Ne5+
Kg8 42. Qe1 Ne4 1/2-1/2

[Event "Russian Championship B19 2016"]
[Site "Loo"]
[Date "2016.04.25"]
[Round "6.18"]
[White "Petrushev, Nikita"]
[Black "Obodenko, Amir"]
[Result "0-1"]
[WhiteElo "2024"]
[BlackElo "2133"]
[PlyCount "100"]
[EventDate "2016.04.20"]

1. e4 c5 2. Nf3 e6 3. d4 cxd4 4. Nxd4 Nc6 5. Nc3 Qc7 6. Be3 a6 7. Qd2 Nf6 8.
O-O-O Bb4 9. f3 d5 10. a3 Bxc3 11. Qxc3 dxe4 12. Bg5 Bd7 13. Nxc6 Bxc6 14. fxe4
O-O 15. Bxf6 Qf4+ 16. Kb1 Qxf6 17. Qxf6 gxf6 18. Bd3 Rfd8 19. Rhf1 Kg7 20. Rde1
h5 21. Re3 h4 22. Rf4 Rh8 23. g3 e5 24. Rf2 Rh6 25. gxh4 Rah8 26. b4 Rxh4 27.
Kb2 R8h6 28. c4 Rxh2 29. Rxh2 Rxh2+ 30. Kc3 Kf8 31. b5 axb5 32. cxb5 Bd7 33. a4
b6 34. Kb4 Be6 35. a5 Rb2+ 36. Kc3 Rb3+ 37. Kc2 bxa5 38. Re1 a4 39. Ra1 a3 40.
b6 Ke7 41. b7 Rb2+ 42. Kc3 Rb3+ 43. Kc2 Rxb7 44. Rxa3 Rd7 45. Ra4 Rd4 46. Ra7+
Bd7 47. Rc7 Rd6 48. Ra7 f5 49. exf5 Kf6 50. Kc3 Kg5 0-1

[Event "Russian Championship B19 2016"]
[Site "Loo"]
[Date "2016.04.25"]
[Round "6.19"]
[White "Kappushev, Ahmat"]
[Black "Sizintsev, Alexey"]
[Result "0-1"]
[WhiteElo "1903"]
[BlackElo "2125"]
[PlyCount "84"]
[EventDate "2016.04.20"]

1. e4 e5 2. Nf3 Nc6 3. Bb5 a6 4. Ba4 Nf6 5. O-O Be7 6. Re1 b5 7. Bb3 O-O 8. c3
d5 9. exd5 Nxd5 10. Nxe5 Nxe5 11. Rxe5 c6 12. d4 Bd6 13. Re1 Qh4 14. g3 Qh3 15.
Be3 Bg4 16. Qd3 Rae8 17. Nd2 f5 18. Qf1 Qh5 19. f4 Kh8 20. Bxd5 cxd5 21. Qg2
Rd8 22. h4 h6 23. Kf2 Rfe8 24. Nf3 Re4 25. Nd2 Ree8 26. Nf3 Re4 27. Nh2 Rde8
28. Nxg4 Qxg4 29. Qf3 Qg6 30. Re2 R8e6 31. Rae1 Qe8 32. Bd2 Rg6 33. Rxe4 dxe4
34. Qh5 Qe6 35. Be3 Rg4 36. d5 Qd7 37. Bd4 Kh7 38. Kg2 g6 39. Qxg4 fxg4 40.
Rxe4 Bf8 41. Kf2 Qxd5 42. Re3 Bc5 0-1

[Event "Russian Championship B19 2016"]
[Site "Loo"]
[Date "2016.04.25"]
[Round "6.20"]
[White "Zhileykin, Andrey"]
[Black "Sivtsev, Mikhail"]
[Result "1/2-1/2"]
[WhiteElo "2254"]
[BlackElo "1946"]
[PlyCount "92"]
[EventDate "2016.04.20"]

1. c4 e6 2. g3 f5 3. d4 Nf6 4. Bg2 Bb4+ 5. Bd2 Bxd2+ 6. Nxd2 O-O 7. Ngf3 Qe7 8.
O-O d6 9. e3 Ne4 10. Nxe4 fxe4 11. Nd2 d5 12. f3 exf3 13. Rxf3 c6 14. Rxf8+
Qxf8 15. e4 dxe4 16. Nxe4 Nd7 17. Qe2 Qe7 18. Re1 Nf6 19. c5 Nxe4 20. Qxe4 Bd7
21. b4 a6 22. Qe5 Qf6 23. a4 Rf8 24. Qe3 Qd8 25. Rf1 Bc8 26. Rf4 Qe7 27. Rxf8+
Kxf8 28. Kf2 Qf7+ 29. Qf3 Qxf3+ 30. Kxf3 Ke7 31. Kf4 Kf6 32. h4 h6 33. h5 Kf7
34. Ke5 Ke7 35. Bf3 Bd7 36. Bg4 Bc8 37. Be2 Bd7 38. Bd3 Bc8 39. Bc2 Bd7 40. Bg6
Bc8 41. Bh7 Bd7 42. Bg8 Bc8 43. Bh7 Bd7 44. Bg6 Bc8 45. Be4 Bd7 46. Bf3 Bc8
1/2-1/2

[Event "Russian Championship B19 2016"]
[Site "Loo"]
[Date "2016.04.25"]
[Round "6.21"]
[White "Ufimtsev, Egor"]
[Black "Ermachkov, Ilja"]
[Result "1-0"]
[WhiteElo "2034"]
[BlackElo "1730"]
[PlyCount "149"]
[EventDate "2016.04.20"]

1. Nf3 f5 2. d4 Nf6 3. c4 g6 4. Nc3 Bg7 5. g3 O-O 6. Bg2 d6 7. O-O Qe8 8. d5 a5
9. Nd4 Na6 10. b3 Nc5 11. Bb2 e5 12. dxe6 Nxe6 13. Ncb5 Rf7 14. Nxe6 Qxe6 15.
c5 Qe8 16. a4 dxc5 17. Qc2 Qe7 18. Rad1 c6 19. Nd6 Rf8 20. Ba3 b6 21. Bxc6 Rb8
22. Bc1 Ba6 23. Nc4 Ne4 24. Bf4 Rbd8 25. Bd5+ Kh8 26. Bxe4 Qxe4 27. Qxe4 fxe4
28. Bc7 Rd4 29. e3 Bxc4 30. bxc4 Rxc4 31. Bxb6 Rxa4 32. Bxc5 Rc8 33. Bb6 Ra2
34. Rd7 Kg8 35. Ra7 Bc3 36. Rc1 a4 37. Bd4 Ra1 38. Rxa1 Bxa1 39. Rxa4 Bxd4 40.
Rxd4 Re8 41. Rd7 Ra8 42. Re7 Ra4 43. g4 g5 44. Kg2 h6 45. Kg3 Kh8 46. h4 gxh4+
47. Kxh4 Ra2 48. Kh5 Rxf2 49. Kxh6 Rf6+ 50. Kg5 Ra6 51. Rxe4 Kg7 52. Re7+ Kg8
53. e4 Kf8 54. Rb7 Ra5+ 55. Kf6 Ra6+ 56. Kf5 Ra5+ 57. e5 Ra1 58. e6 Rf1+ 59.
Kg6 Re1 60. e7+ Ke8 61. g5 Rg1 62. Kf6 Rf1+ 63. Kg7 Rg1 64. Rb8+ Kxe7 65. g6
Rg2 66. Rb6 Rg1 67. Rb2 Ke8 68. Re2+ Kd7 69. Kf7 Rf1+ 70. Kg8 Rg1 71. g7 Rf1
72. Rh2 Ke7 73. Kh8 Rg1 74. g8=Q Rxg8+ 75. Kxg8 1-0

[Event "Russian Championship B19 2016"]
[Site "Loo"]
[Date "2016.04.25"]
[Round "6.22"]
[White "Dinulin, Ilya"]
[Black "Beljskij, Ilja"]
[Result "1/2-1/2"]
[WhiteElo "1812"]
[BlackElo "2110"]
[PlyCount "95"]
[EventDate "2016.04.20"]

1. d4 c5 2. c3 Nf6 3. Nf3 b6 4. Bf4 Bb7 5. e3 d6 6. h3 Nbd7 7. Bd3 g6 8. Nbd2
Bg7 9. O-O Qc7 10. Qb3 O-O 11. Rfe1 Rad8 12. e4 e5 13. dxe5 dxe5 14. Bh2 Nh5
15. Bc4 h6 16. Rad1 Nb8 17. Qc2 a6 18. a4 Bc6 19. Nf1 b5 20. axb5 axb5 21. Be2
Nf4 22. Ne3 Qb7 23. Nd2 c4 24. Bxf4 exf4 25. Nef1 Rfe8 26. Bf3 Nd7 27. b3 Ne5
28. bxc4 bxc4 29. Rb1 Qa7 30. Re2 Rd3 31. Rb4 Nxf3+ 32. Nxf3 Rxc3 33. Qb1 Qc5
34. N1d2 Kh7 35. Re1 Ra8 36. e5 Bxf3 37. Nxf3 Rca3 38. Rb5 Qc8 39. Qb4 Rb3 40.
Qc5 Rxb5 41. Qxb5 Qc7 42. Qd5 Ra5 43. Qe4 c3 44. Qxf4 c2 45. Rc1 Qc3 46. Qd2
Qxd2 47. Nxd2 Ra2 48. Nc4 1/2-1/2

[Event "Russian Championship G13 2016"]
[Site "Loo"]
[Date "2016.04.26"]
[Round "7.1"]
[White "Stepanyan, Eva"]
[Black "Garifullina, Leya"]
[Result "1/2-1/2"]
[WhiteElo "1737"]
[BlackElo "1897"]
[PlyCount "62"]
[EventDate "2016.04.20"]

1. e4 e5 2. Nf3 Nc6 3. Bb5 a6 4. Ba4 Nf6 5. O-O Be7 6. d3 b5 7. Bb3 Bb7 8. Nc3
d6 9. a3 O-O 10. Bg5 Na5 11. Ba2 c5 12. Bxf6 Bxf6 13. Nd5 Nc6 14. c3 Rc8 15.
Qe2 g6 16. Nd2 Bg7 17. f4 Ne7 18. Nxe7+ Qxe7 19. f5 Kh8 20. Rf3 Bf6 21. Nf1 Bg5
22. Ne3 f6 23. Raf1 Bxe3+ 24. Qxe3 g5 25. Be6 Rce8 26. c4 Bc8 27. Bd5 Bb7 28.
Be6 Bc8 29. Bd5 Bb7 30. Be6 Bc8 31. Bd5 Bb7 1/2-1/2

[Event "Russian Championship G13 2016"]
[Site "Loo"]
[Date "2016.04.26"]
[Round "7.2"]
[White "Baisheva, Nyurguiaana"]
[Black "Tereshechkina, Taisiya"]
[Result "0-1"]
[WhiteElo "1603"]
[BlackElo "1679"]
[PlyCount "108"]
[EventDate "2016.04.20"]

1. e4 d6 2. d4 Nf6 3. Nc3 Nbd7 4. f4 e5 5. Nf3 exd4 6. Qxd4 c6 7. e5 dxe5 8.
fxe5 Bc5 9. Qh4 Qe7 10. Bf4 Nd5 11. Nxd5 Qxh4+ 12. Nxh4 cxd5 13. O-O-O Nb6 14.
Bb5+ Bd7 15. Bxd7+ Kxd7 16. Nf5 g6 17. Nh6 Ke6 18. Rhf1 Bf8 19. Bg5 Bxh6 20.
Bxh6 Nd7 21. Rde1 Rhc8 22. Kd2 Rc7 23. c3 Rac8 24. Rf2 Rc4 25. Bg7 d4 26. cxd4
Rxd4+ 27. Ke3 Rcc4 28. Ref1 Re4+ 29. Kd3 Nc5+ 30. Kd2 Red4+ 31. Ke2 Rc2+ 32.
Kf3 Rd3+ 33. Kf4 Rc4+ 34. Kg5 Ne4+ 35. Kh6 Nxf2 36. Rxf2 Rh4+ 37. Kg5 Rxh2 38.
Rf6+ Ke7 39. Rf2 Rd4 40. Bf6+ Kf8 41. Bh8 Rh5+ 42. Kf6 Rc4 43. Bg7+ Kg8 44. g4
Rxg4 45. e6 fxe6 46. Kxe6 Kxg7 47. Rf7+ Kh6 48. Rxb7 Ra4 49. a3 Rf5 50. Rb3
Ra6+ 51. Ke7 Kg7 52. Re3 Rf7+ 53. Ke8 Re6+ 54. Kd8 Ree7 0-1

[Event "Russian Championship G13 2016"]
[Site "Loo"]
[Date "2016.04.26"]
[Round "7.3"]
[White "Sovina, Maria"]
[Black "Nasybullina, Dayana"]
[Result "1-0"]
[WhiteElo "1605"]
[BlackElo "1652"]
[PlyCount "103"]
[EventDate "2016.04.20"]

1. d4 d6 2. c4 e5 3. d5 f5 4. Nc3 Nf6 5. g3 Be7 6. Bg2 O-O 7. Nf3 Nbd7 8. O-O
Nc5 9. b4 Nce4 10. Nxe4 Nxe4 11. Bb2 g5 12. c5 g4 13. Nd2 Nxd2 14. Qxd2 Bg5 15.
Qc2 f4 16. Be4 f3 17. Qd3 Qf6 18. Bc1 Bxc1 19. Raxc1 fxe2 20. Qxe2 h5 21. cxd6
cxd6 22. Rc7 Rf7 23. Rfc1 Bf5 24. Bxf5 Qxf5 25. Qc2 e4 26. Rc8+ Rxc8 27. Qxc8+
Qxc8 28. Rxc8+ Rf8 29. Rc7 Rf7 30. Rc4 Rf5 31. Rxe4 Rxd5 32. Re7 Rb5 33. a3 Kf8
34. Rd7 d5 35. Rh7 a5 36. Rxh5 axb4 37. axb4 Rxb4 38. Rxd5 b5 39. Kf1 Rb2 40.
Rd4 Rb1+ 41. Ke2 Rb2+ 42. Ke3 Rb3+ 43. Ke2 Rb2+ 44. Kf1 Rb1+ 45. Kg2 b4 46.
Rxg4 b3 47. Rb4 Ke7 48. h4 Kf6 49. g4 Kg6 50. Rb6+ Kg7 51. g5 Kh7 52. h5 1-0

[Event "Russian Championship G13 2016"]
[Site "Loo"]
[Date "2016.04.26"]
[Round "7.4"]
[White "Bodnaruk, Kseniya"]
[Black "Yakimova, Mariya"]
[Result "0-1"]
[WhiteElo "1591"]
[BlackElo "1631"]
[PlyCount "138"]
[EventDate "2016.04.20"]

1. e4 c5 2. Nc3 d6 3. g3 Nc6 4. Bg2 g6 5. d3 Bg7 6. Be3 e6 7. Qd2 h5 8. h4 Nge7
9. Nh3 Nd4 10. Nd1 e5 11. c3 Ndc6 12. O-O b6 13. a3 a5 14. a4 Bb7 15. Ng5 d5
16. f4 d4 17. cxd4 Nxd4 18. fxe5 O-O 19. Bxd4 Qxd4+ 20. Ne3 Bxe5 21. Nf3 Qxb2
22. Qxb2 Bxb2 23. Rab1 Bc3 24. Nc4 Bc6 25. Nxb6 Rab8 26. Rfc1 Bb4 27. Nc4 Bxa4
28. Ra1 Bb5 29. Nxa5 Bxd3 30. Ne5 Bb5 31. Nb3 Rfc8 32. Nc4 Nc6 33. Nd6 Rd8 34.
Nxb5 Rxb5 35. Bf1 Rb6 36. Nxc5 Bd2 37. Na4 Bxc1 38. Rxc1 Rb4 39. Rxc6 Rxa4 40.
Bc4 Kg7 41. Bd5 Rd7 42. Kf2 Ra3 43. Rc4 Kf6 44. Rc6+ Ke5 45. Rc5 Kd6 46. Rc6+
Ke7 47. Rc5 Rd3 48. Rb5 Ra7 49. Rb7+ Rxb7 50. Bxb7 Kd6 51. Bd5 Rxd5 52. exd5
Kxd5 53. Kf3 Ke5 54. Ke3 Kf5 55. Kf3 f6 56. g4+ hxg4+ 57. Kg3 Ke4 58. Kxg4 f5+
59. Kg5 f4 60. Kxg6 f3 61. h5 f2 62. h6 f1=Q 63. Kg7 Ke5 64. h7 Qf6+ 65. Kg8
Ke6 66. h8=N Qg5+ 67. Kf8 Kf6 68. Ng6 Kxg6 69. Ke8 Qf6 0-1

[Event "Russian Championship G13 2016"]
[Site "Loo"]
[Date "2016.04.26"]
[Round "7.5"]
[White "Nasyrova, Ekaterina"]
[Black "Dubnikova, Anastasia"]
[Result "1/2-1/2"]
[WhiteElo "2060"]
[BlackElo "1686"]
[PlyCount "120"]
[EventDate "2016.04.20"]

1. d4 Nf6 2. c4 e6 3. Nc3 d5 4. Nf3 c6 5. Bg5 Nbd7 6. e3 Qa5 7. Qc2 Bb4 8. Nd2
dxc4 9. Bxf6 Nxf6 10. Nxc4 Qg5 11. O-O-O h5 12. f4 Qh6 13. Bd3 Bd7 14. Kb1 g6
15. e4 O-O 16. h3 h4 17. Rdf1 Nh5 18. Ne2 f6 19. Rhg1 b5 20. Ne3 Kh8 21. Ng4
Qg7 22. f5 exf5 23. exf5 g5 24. Rc1 Bd6 25. Nc3 Ng3 26. Qf2 a6 27. Ne4 Nxe4 28.
Bxe4 Rac8 29. Rgd1 Qe7 30. Qf3 Bf4 31. Rc3 b4 32. Rc4 c5 33. dxc5 Bb5 34. Rxb4
Qxc5 35. a3 Rb8 36. Qc3 Qxc3 37. bxc3 a5 38. Rb2 Ba4 39. Rd4 Rxb2+ 40. Kxb2
Rb8+ 41. Ka1 Bb3 42. Rd7 Be5 43. Nxe5 fxe5 44. Rb7 Rxb7 45. Bxb7 Kg7 46. Kb2
Bc4 47. Kc1 Kf6 48. Be4 Ba6 49. Kd2 Bc8 50. Ke3 Ba6 51. Kf3 Bc4 52. Ke3 Bf1 53.
Kd2 Bc4 54. Kc2 Ke7 55. Bf3 Kf6 56. Be4 Kg7 57. Kd2 Kf6 58. Ke3 Bf1 59. Kf3 Bb5
60. Ke3 Ba6 1/2-1/2

[Event "Russian Championship G13 2016"]
[Site "Loo"]
[Date "2016.04.26"]
[Round "7.6"]
[White "Murzina, Agata"]
[Black "Zyapaeva, Polina"]
[Result "0-1"]
[WhiteElo "1752"]
[BlackElo "1650"]
[PlyCount "96"]
[EventDate "2016.04.20"]

1. e4 c5 2. Nf3 e6 3. c4 Nc6 4. Nc3 Nf6 5. d4 cxd4 6. Nxd4 Bb4 7. Nxc6 bxc6 8.
Bd3 e5 9. Bg5 Bc5 10. O-O Rb8 11. Qf3 Be7 12. Bc2 d6 13. Rad1 Bg4 14. Qd3 Bxd1
15. Rxd1 O-O 16. f4 Qb6+ 17. Kf1 Ng4 18. Rd2 Bxg5 19. fxg5 Ne3+ 20. Ke2 Nxg2
21. Qf3 Nf4+ 22. Kf1 Qxb2 23. Nd1 Qxa2 24. Ne3 Qa3 25. Qf2 Qc5 26. Qf3 a5 27.
Nf5 Qxc4+ 28. Kf2 Qc5+ 29. Kf1 a4 30. Qg3 Qc4+ 31. Kf2 Rb2 32. Ne3 Qb4 33. Rd1
Qxe4 34. Rd2 Qb4 35. Ke1 Ng6 36. Kd1 a3 37. Nf5 a2 38. Qh3 a1=Q+ 39. Ke2 Qb5+
40. Kf2 Qc5+ 41. Kf3 Rxc2 42. Rd3 e4+ 43. Kg4 Qag1+ 44. Rg3 Qd1+ 45. Rf3 Qxf3+
46. Qxf3 exf3 47. h4 Rg2+ 48. Kh3 Nf4# 0-1

[Event "Russian Championship G13 2016"]
[Site "Loo"]
[Date "2016.04.26"]
[Round "7.7"]
[White "Gibadullina, Rajana"]
[Black "Mironenko, Galina"]
[Result "0-1"]
[WhiteElo "1569"]
[BlackElo "1731"]
[PlyCount "80"]
[EventDate "2016.04.20"]

1. Nf3 Nf6 2. g3 g6 3. Bg2 Bg7 4. d3 d6 5. O-O O-O 6. Nbd2 c5 7. Re1 Nc6 8. c3
e5 9. a4 Be6 10. Qc2 Rc8 11. Nf1 d5 12. Ng5 Qd7 13. e4 d4 14. Nxe6 Qxe6 15. Nd2
Rfd8 16. Nf3 h6 17. Rd1 a6 18. a5 c4 19. dxc4 Qxc4 20. Bf1 Qe6 21. c4 Qg4 22.
Nd2 d3 23. Qa4 Bf8 24. h3 Qe6 25. b3 Bb4 26. Bg2 Bc3 27. Rb1 Nxa5 28. Nf1 Kg7
29. Be3 Nc6 30. Rbc1 Bb4 31. Bb6 Rd6 32. Ne3 d2 33. Rb1 Nd7 34. Nd5 Nxb6 35.
Nxb6 Rcd8 36. Nd5 a5 37. Kh2 g5 38. Bf3 Qg6 39. Qb5 Nd4 40. Ne7 Nxf3+ 0-1

[Event "Russian Championship G13 2016"]
[Site "Loo"]
[Date "2016.04.26"]
[Round "7.8"]
[White "Dashina, Sofiia"]
[Black "Loskutova, Viktoriya"]
[Result "0-1"]
[WhiteElo "1534"]
[BlackElo "1820"]
[PlyCount "112"]
[EventDate "2016.04.20"]

1. Nf3 d5 2. d4 Nf6 3. g3 e6 4. Bg2 c6 5. O-O Bd6 6. Nbd2 O-O 7. c4 Nbd7 8. Qc2
Qc7 9. e4 dxe4 10. Nxe4 Nxe4 11. Qxe4 Nf6 12. Qe2 b6 13. Ne5 Bb7 14. f4 c5 15.
dxc5 Bxc5+ 16. Kh1 Bxg2+ 17. Kxg2 Rfd8 18. Be3 Bxe3 19. Qxe3 Rd6 20. Rad1 Rad8
21. Qe2 Qb7+ 22. Kg1 Qc7 23. b4 Rd4 24. Rxd4 Rxd4 25. Rd1 Qd6 26. Rxd4 Qxd4+
27. Qf2 Qd1+ 28. Kg2 Ne4 29. Qf3 Qc2+ 30. Kg1 f6 31. Nc6 Qxc4 32. Nxa7 Qxb4 33.
Qd3 Qc5+ 34. Kg2 Nd6 35. Qe2 Qd5+ 36. Kg1 Kf7 37. a4 Qd4+ 38. Qf2 Qd1+ 39. Kg2
Qd5+ 40. Kg1 Qb7 41. Nb5 Nxb5 42. axb5 Ke7 43. Qc2 h6 44. Qg6 Kd6 45. Qd3+ Qd5
46. Qa3+ Qc5+ 47. Qxc5+ Kxc5 48. Kf1 Kxb5 49. Ke2 Kc5 50. Kd2 b5 51. Kc2 e5 52.
fxe5 fxe5 53. Kd2 b4 54. Ke3 b3 55. Ke4 b2 56. Kxe5 b1=Q 0-1

[Event "Russian Championship G13 2016"]
[Site "Loo"]
[Date "2016.04.26"]
[Round "7.9"]
[White "Kutyanina, Mariya"]
[Black "Bondareva, Daria"]
[Result "0-1"]
[WhiteElo "1809"]
[BlackElo "1601"]
[PlyCount "146"]
[EventDate "2016.04.20"]

1. e4 e5 2. Nf3 Nc6 3. Bc4 Nf6 4. d3 Be7 5. O-O O-O 6. Re1 d6 7. a4 Be6 8. Nbd2
h6 9. c3 Nh7 10. b4 a6 11. Qb3 Qd7 12. a5 Ng5 13. Nxg5 Bxg5 14. Nf1 Bxc1 15.
Raxc1 Ne7 16. Ne3 Kh8 17. d4 exd4 18. cxd4 c6 19. d5 cxd5 20. Bxd5 Bxd5 21.
Nxd5 Nxd5 22. Qxd5 Rfd8 23. Red1 Qe7 24. Rc3 Rd7 25. Rdc1 Re8 26. f3 Qf6 27.
Rd3 Qb2 28. Qc4 f5 29. Rcd1 fxe4 30. fxe4 Qe2 31. Rd4 Qe3+ 32. Kh1 Rde7 33. h3
Rxe4 34. Rxe4 Qxe4 35. Qf7 Re6 36. Qf8+ Kh7 37. Rf1 Rg6 38. Qf2 Qxb4 39. Qf5
Qc5 40. Qxc5 dxc5 41. Rb1 Rd6 42. Rxb7 Rd1+ 43. Kh2 Ra1 44. Rb6 Rxa5 45. Rc6
Kg8 46. Kg3 Kf7 47. Rc7+ Kf6 48. Kf4 Ra4+ 49. Ke3 Ra2 50. Kf3 Ra5 51. Ke4 Ra4+
52. Ke3 c4 53. Kd4 Ra2 54. Rxc4 Rxg2 55. Rc6+ Kf7 56. Rxa6 Rg3 57. h4 Rg4+ 58.
Ke5 Rxh4 59. Kf5 g6+ 60. Ke5 g5 61. Rf6+ Kg7 62. Ra6 Rf4 63. Rb6 Rf7 64. Ra6 g4
65. Ke4 h5 66. Ra2 Kg6 67. Rh2 Kg5 68. Rb2 Re7+ 69. Kd4 Kf4 70. Rh2 Rd7+ 71.
Kc4 g3 72. Rxh5 g2 73. Rh4+ Kg3 0-1

[Event "Russian Championship G13 2016"]
[Site "Loo"]
[Date "2016.04.26"]
[Round "7.10"]
[White "Davydova, Kira"]
[Black "Lintsova, Liliya"]
[Result "1-0"]
[WhiteElo "1762"]
[BlackElo "1557"]
[PlyCount "55"]
[EventDate "2016.04.20"]

1. d4 Nf6 2. Nf3 g6 3. Nc3 Bg7 4. e4 d6 5. Be3 O-O 6. Qd2 Nbd7 7. Bd3 c5 8. d5
Ng4 9. Bf4 Nde5 10. Nxe5 Nxe5 11. Be2 Bd7 12. Bh6 Qc7 13. Bxg7 Kxg7 14. f4 Ng4
15. h3 Nh6 16. f5 a6 17. O-O b5 18. g4 Ng8 19. Qf4 Qb6 20. Kh2 Qb7 21. Rg1 Be8
22. Raf1 f6 23. g5 Kh8 24. h4 fxg5 25. Qxg5 Nf6 26. fxg6 hxg6 27. Qh6+ Nh7 28.
Rxf8# 1-0

[Event "Russian Championship G13 2016"]
[Site "Loo"]
[Date "2016.04.26"]
[Round "7.11"]
[White "Erokhova, Violetta"]
[Black "Komendrovskaya, Olga"]
[Result "1-0"]
[WhiteElo "1618"]
[BlackElo "1557"]
[PlyCount "67"]
[EventDate "2016.04.20"]

1. e4 c5 2. Nc3 Nc6 3. g3 g6 4. Bg2 Bg7 5. d3 d6 6. Be3 Rb8 7. Qd2 b5 8. Nge2
Nd4 9. Nd1 e6 10. O-O Nxe2+ 11. Qxe2 Ne7 12. Qd2 Nc6 13. Bh6 O-O 14. Bxg7 Kxg7
15. f4 Qc7 16. f5 exf5 17. exf5 f6 18. Ne3 Ne7 19. fxg6 hxg6 20. Rae1 Bb7 21.
Bxb7 Rxb7 22. Ng4 Ng8 23. Re6 Qd7 24. Rfe1 f5 25. Qc3+ Kh7 26. Nf2 b4 27. Qc4
Rf6 28. Nh3 Kg7 29. Ng5 Rb6 30. Qh4 Rxe6 31. Nxe6+ Kf7 32. Qh7+ Ke8 33. Nxc5+
Qe7 34. Qxg8# 1-0

[Event "Russian Championship G13 2016"]
[Site "Loo"]
[Date "2016.04.26"]
[Round "7.12"]
[White "Zelenskaya, Anastasiya"]
[Black "Deminova, Maria"]
[Result "1-0"]
[WhiteElo "1610"]
[BlackElo "1541"]
[PlyCount "89"]
[EventDate "2016.04.20"]

1. e4 c5 2. Nf3 e6 3. d3 a6 4. g3 d6 5. Bg2 b5 6. a4 Bb7 7. Nc3 Qb6 8. O-O Nc6
9. Be3 Nf6 10. h3 Be7 11. d4 b4 12. e5 dxe5 13. dxc5 Bxc5 14. a5 Qa7 15. Nxe5
Nxe5 16. Bxc5 Qxc5 17. Bxb7 Rd8 18. Na4 Qc7 19. Qe2 Qxb7 20. Qxe5 Rd5 21. Qe3
Rxa5 22. Nc5 Qb6 23. Rxa5 Qxa5 24. Nxe6 fxe6 25. Qxe6+ Kf8 26. Qc8+ Ne8 27. Re1
Qb5 28. Qe6 h5 29. Qe7+ Kg8 30. Qxe8+ Qxe8 31. Rxe8+ Kh7 32. Rxh8+ Kxh8 33. f4
a5 34. b3 g6 35. Kf2 Kg7 36. g4 Kf7 37. Ke3 h4 38. Kd4 Ke7 39. Ke5 Kf7 40. g5
Ke7 41. f5 gxf5 42. Kxf5 Kf7 43. g6+ Kg7 44. Kg5 Kg8 45. Kxh4 1-0

[Event "Russian Championship G13 2016"]
[Site "Loo"]
[Date "2016.04.26"]
[Round "7.13"]
[White "Baiburina, Kamilla"]
[Black "Kirchei, Viktoriia"]
[Result "0-1"]
[WhiteElo "1841"]
[BlackElo "1569"]
[PlyCount "76"]
[EventDate "2016.04.20"]

1. b3 e5 2. Bb2 Bd6 3. e3 Nf6 4. Na3 Bxa3 5. Bxa3 d6 6. Ne2 O-O 7. g3 Re8 8.
Bg2 d5 9. O-O e4 10. d3 Bd7 11. Bb2 Qe7 12. Nf4 Bc6 13. a3 Nbd7 14. Qe2 Ne5 15.
Rfd1 Rad8 16. a4 Nfd7 17. Ba3 Qf6 18. dxe4 dxe4 19. Rab1 Nf3+ 20. Bxf3 exf3 21.
Qf1 Qf5 22. c4 Be4 23. Rbc1 Ne5 24. Nd5 Bxd5 25. cxd5 Rd7 26. d6 c6 27. Rd4 g5
28. Rcd1 Re6 29. h3 Rh6 30. g4 Qg6 31. e4 Rh4 32. Bc1 Qh6 33. Kh2 Nxg4+ 34. Kg3
Nf6 35. Kxf3 Qh5+ 36. Ke3 Rxh3+ 37. f3 Ng4+ 38. Kd3 Rxf3+ 0-1

[Event "Russian Championship G13 2016"]
[Site "Loo"]
[Date "2016.04.26"]
[Round "7.14"]
[White "Pakeeva, Namlana"]
[Black "Sumarokova, Alina"]
[Result "1-0"]
[WhiteElo "1447"]
[BlackElo "1780"]
[PlyCount "55"]
[EventDate "2016.04.20"]

1. e4 e6 2. d4 d5 3. Bd3 Ne7 4. Nf3 b6 5. O-O Bb7 6. Nbd2 Nbc6 7. c3 Qd7 8. Re1
h6 9. Nf1 O-O-O 10. b4 f6 11. a4 dxe4 12. Bxe4 e5 13. Bb2 exd4 14. Nxd4 Nxd4
15. cxd4 Nd5 16. Qf3 Kb8 17. b5 Qf7 18. Ba3 Bxa3 19. Rxa3 g6 20. a5 Bc8 21.
axb6 cxb6 22. Rea1 Rd7 23. Qg3+ Ka8 24. Ne3 f5 25. Rxa7+ Rxa7 26. Bxd5+ Qxd5
27. Rxa7+ Kxa7 28. Nxd5 1-0

[Event "Russian Championship G13 2016"]
[Site "Loo"]
[Date "2016.04.26"]
[Round "7.15"]
[White "Shumakova, Svetlana"]
[Black "Ershova, Sofya"]
[Result "1/2-1/2"]
[WhiteElo "1589"]
[BlackElo "1762"]
[PlyCount "76"]
[EventDate "2016.04.20"]

1. d4 Nf6 2. Bf4 g6 3. Nf3 Bg7 4. e3 O-O 5. h3 d6 6. Be2 c5 7. O-O Nh5 8. Bh2
Nc6 9. c3 Qb6 10. Qb3 Qxb3 11. axb3 Nf6 12. Nbd2 Bf5 13. Nh4 Ne4 14. Rfd1 Nxd2
15. Rxd2 cxd4 16. exd4 Bd7 17. Rdd1 Rfe8 18. Nf3 Bf5 19. Bd3 Bxd3 20. Rxd3 a6
21. Re3 d5 22. Be5 Bxe5 23. Nxe5 Nxe5 24. Rxe5 e6 25. f4 Rac8 26. b4 f6 27. Re2
Kf7 28. Rae1 Re7 29. Kf2 b6 30. Ke3 Rce8 31. Kd3 b5 32. g4 h6 33. Re3 Rg8 34.
R3e2 Rge8 35. Re3 Rg8 36. R3e2 Rge8 37. Re3 Rg8 38. R3e2 Rge8 1/2-1/2

[Event "Russian Championship G13 2016"]
[Site "Loo"]
[Date "2016.04.26"]
[Round "7.16"]
[White "Markova, Anna"]
[Black "Shpakivskaya, Alina"]
[Result "0-1"]
[WhiteElo "1567"]
[BlackElo "1634"]
[PlyCount "52"]
[EventDate "2016.04.20"]

1. d4 d5 2. c4 e6 3. Nc3 Nf6 4. Bg5 Nbd7 5. e3 Be7 6. cxd5 exd5 7. Nf3 c6 8.
Bd3 O-O 9. O-O Re8 10. Qc2 Nf8 11. Rac1 Ne4 12. Bxe7 Qxe7 13. Bxe4 dxe4 14. Nd2
f5 15. Ne2 Ng6 16. Nb3 Qg5 17. Qd2 b6 18. Rxc6 Ba6 19. f4 exf3 20. Rxf3 Bxe2
21. Qxe2 f4 22. Qc4+ Kh8 23. exf4 Nxf4 24. Rg3 Qf5 25. Nc1 Re1+ 26. Kf2 Nd3#
0-1

[Event "Russian Championship G13 2016"]
[Site "Loo"]
[Date "2016.04.26"]
[Round "7.17"]
[White "Mikhailova, Yuliya"]
[Black "Vorobyova, Ekaterina"]
[Result "1/2-1/2"]
[WhiteElo "1644"]
[BlackElo "1625"]
[PlyCount "116"]
[EventDate "2016.04.20"]

1. d4 d5 2. c4 e6 3. Nc3 c5 4. cxd5 exd5 5. dxc5 d4 6. Ne4 Bf5 7. Nd6+ Bxd6 8.
cxd6 Qxd6 9. Nf3 Nc6 10. a3 Nf6 11. g3 O-O 12. Bg2 Rfe8 13. O-O Rad8 14. Bf4
Qe6 15. Re1 h6 16. Qa4 Bh3 17. Rad1 Bxg2 18. Kxg2 Rd7 19. Kg1 Red8 20. b4 a6
21. Qc2 Qh3 22. Nd2 g5 23. e3 gxf4 24. exf4 Ng4 25. Nf1 d3 26. Qd2 h5 27. Rc1
h4 28. Rc5 hxg3 29. Rg5+ Kh7 30. fxg3 Rd5 31. Rxd5 Rxd5 32. Re8 Qh6 33. Qg2 Nf6
34. Re1 Qg6 35. Nd2 Rd7 36. Nf3 Kg7 37. a4 Re7 38. Rxe7 Nxe7 39. Ne5 Qf5 40.
Qd2 Nfd5 41. Nxd3 Qe4 42. Qb2+ Kg8 43. Qd2 Qd4+ 44. Kg2 Nf5 45. Qe2 Nde3+ 46.
Kf3 Qd5+ 47. Kf2 Qg2+ 48. Ke1 Qg1+ 49. Kd2 Qb1 50. a5 Qc2+ 51. Ke1 Qxe2+ 52.
Kxe2 Nd5 53. Kf3 Kg7 54. Ke4 Nde7 55. Nc5 Nd6+ 56. Ke5 Nec8 57. g4 Nc4+ 58. Kd4
N8d6 1/2-1/2